| 000 | 00414nam a2200157 4500 | ||
|---|---|---|---|
| 001 | 16746 | ||
| 005 | 20230411085950.0 | ||
| 008 | 060907n1999 dr spa | ||
| 035 | _9funglode16880 | ||
| 041 | _aEN | ||
| 245 | 0 |
_aAnnual report to the president and the congress / _cWilliam S. Cohen |
|
| 260 |
_a[s.l.] : _b[s.n.], _c1999 |
||
| 300 | _ap.v. | ||
| 700 | _aCohen, William S | ||
| 942 |
_2lcc _cbk |
||
| 999 |
_c110129 _d110129 |
||